Ricostruisci la Carriera del Calciatore - Julian Draxler - Statistics

Statistiche generali
  • Questo quiz è stato fatto 10 volte
  • Il punteggio medio è 3 su 5
Statistiche sulle risposte
Hint Risposta % Corretto
2023- Al-Ahli
71%
2017-2022 Bayern Monaco
71%
2015-2017 Wolfsburg
71%
2011-2015 Schalke 04
57%
2022-2023 Schalke 04
14%
Nessun quiz corrispondente trovato
Distribuzione punteggi
Percentuale di utenti per punteggio
Percentile per numero di risposta
I tuoi punteggi nel tempo
Non hai fatto questo quiz